Financovanie príspevkovej organizácie

Podľa zákona č.523/2004 Z.z. o rozpočtových pravidlách verejnej správy, si obec môže na plnenie svojich úloh zriadiť príspevkovú organizáciu, ktorá je ako právnická osoba obce napojená na rozpočet obce príspevkom. Zostavuje si svoj rozpočet príjmov a výdavkov. Svoje potreby si prednostne financuje z...

Ausführliche Beschreibung

Gespeichert in:
Bibliographische Detailangaben
1. Verfasser: Konečná Veverková, Ingrid
Format: Buchkapitel
Sprache:Slowakisch
Schlagworte:
Tags: Tag hinzufügen
Keine Tags, Fügen Sie das erste Tag hinzu!

MARC

LEADER 00000naa a2200000 4500
001 0277338
005 20210720112839.5
041 0 |a slo 
044 |a SK 
245 1 0 |a Financovanie príspevkovej organizácie  |c Ingrid Konečná Veverková 
520 |a Podľa zákona č.523/2004 Z.z. o rozpočtových pravidlách verejnej správy, si obec môže na plnenie svojich úloh zriadiť príspevkovú organizáciu, ktorá je ako právnická osoba obce napojená na rozpočet obce príspevkom. Zostavuje si svoj rozpočet príjmov a výdavkov. Svoje potreby si prednostne financuje z vlastných zdrojov, až keď tieto zdroje nestačia, použije príspevok obce. Účtuje podľa opatrenia MF SR z 8.8.2007 č.MF/16786/2007-31. 
610 2 0 |a obce 
610 2 0 |a správa verejná 
610 2 0 |a organizácie príspevkové 
610 2 0 |a osoby právnické 
610 2 0 |a príjmy 
610 2 0 |a výdavky 
610 2 0 |a účtovanie 
100 1 |a Konečná Veverková, Ingrid